[Event "Villa Martelli Jose Rubinstein op 18th"]
[Site "Villa Martelli"]
[Date "2017.11.19"]
[Round "4.6"]
[White "Garcia Lemos, Federico"]
[Black "Bellocchio, Franco"]
[Result "1-0"]
[WhiteElo "2180"]
[BlackElo "1764"]
[PlyCount "55"]
[EventDate "2017.11.17"]
[EventType "swiss"]
[EventRounds "7"]
[EventCountry "ARG"]
[SourceTitle "EXT 2024"]
[Source "ChessBase"]
[SourceDate "2023.10.10"]
[SourceVersion "1"]
[SourceVersionDate "2023.10.10"]
[SourceQuality "1"]

1. d4 d5 2. c4 c6 3. Nc3 Nf6 4. e3 Bf5 5. cxd5 Nxd5 6. f3 Nxc3 7. bxc3 e5 8. e4 Bg6 9. Be3 exd4 10. cxd4 Bb4+ 11. Kf2 0-0 12. Qb3 c5 13. d5 Qf6 14. Rc1 Nd7 15. a3 Ba5 16. Qb5 Ne5 17. Qxa5 Ng4+ 18. Ke2 Nxe3 19. Kxe3 Qd4+ 20. Ke2 Bxe4 21. Qd2 Bd3+ 22. Qxd3 Qb2+ 23. Rc2 Rfe8+ 24. Kf2 Qb6 25. Qc4 Qa5 26. Qc3 Qb6 27. Bc4 Qb1 28. Rc1 1-0